<?xml version="1.0" encoding="UTF-8"?><?xml-stylesheet type="text/xsl" href="static/style.xsl"?><OAI-PMH xmlns="http://www.openarchives.org/OAI/2.0/" xmlns:xsi="http://www.w3.org/2001/XMLSchema-instance" xsi:schemaLocation="http://www.openarchives.org/OAI/2.0/ http://www.openarchives.org/OAI/2.0/OAI-PMH.xsd"><responseDate>2026-06-29T22:09:30Z</responseDate><request verb="GetRecord" identifier="oai:riubu.ubu.es:10259/6521" metadataPrefix="marc">https://riubu.ubu.es/oai/request</request><GetRecord><record><header><identifier>oai:riubu.ubu.es:10259/6521</identifier><datestamp>2022-04-01T07:45:31Z</datestamp><setSpec>com_10259.4_103</setSpec><setSpec>com_10259.4_1</setSpec><setSpec>com_10259_2604</setSpec><setSpec>col_10259_6515</setSpec></header><metadata><record xmlns="http://www.loc.gov/MARC21/slim" xmlns:doc="http://www.lyncode.com/xoai" xmlns:xsi="http://www.w3.org/2001/XMLSchema-instance" xmlns:dcterms="http://purl.org/dc/terms/" xsi:schemaLocation="http://www.loc.gov/MARC21/slim http://www.loc.gov/standards/marcxml/schema/MARC21slim.xsd">
<leader>00925njm 22002777a 4500</leader>
<datafield tag="042" ind1=" " ind2=" ">
<subfield code="a">dc</subfield>
</datafield>
<datafield tag="720" ind1=" " ind2=" ">
<subfield code="a">Vivancos Gómez, Miguel Carlos</subfield>
<subfield code="e">author</subfield>
</datafield>
<datafield tag="260" ind1=" " ind2=" ">
<subfield code="c">2018</subfield>
</datafield>
<datafield tag="520" ind1=" " ind2=" ">
<subfield code="a">Publicamos la relación de monjes de Santo Domingo de&#xd;
Silos desde 1500 a 1835, completando las listas ofrecidas por el Padre&#xd;
Ernesto Zaragoza, pero siguiendo un orden alfabético que facilite la&#xd;
consulta a los investigadores. Se trata de un total de casi quinientas&#xd;
personas que formaron parte de la comunidad benedictina silense,&#xd;
en la mayoría de los casos hasta su muerte.</subfield>
</datafield>
<datafield tag="520" ind1=" " ind2=" ">
<subfield code="a">We publish the list of monks from Santo Domingo de&#xd;
Silos, between the years 1500 to 1835, both completing that drawn&#xd;
up by Fr Ernesto Zaragoza and following alphabetical order in order&#xd;
to ease their consultation by researchers. We enumerate almost five&#xd;
hundred individuals who remained part of the Benedictine monastery&#xd;
of Silos until –for the majority– their deaths.</subfield>
</datafield>
<datafield tag="024" ind2=" " ind1="8">
<subfield code="a">0211-8998</subfield>
</datafield>
<datafield tag="024" ind2=" " ind1="8">
<subfield code="a">http://hdl.handle.net/10259/6521</subfield>
</datafield>
<datafield ind1=" " ind2=" " tag="653">
<subfield code="a">Silos</subfield>
</datafield>
<datafield ind1=" " ind2=" " tag="653">
<subfield code="a">Congregación de San Benito de Valladolid</subfield>
</datafield>
<datafield ind1=" " ind2=" " tag="653">
<subfield code="a">Monjes</subfield>
</datafield>
<datafield ind1=" " ind2=" " tag="653">
<subfield code="a">Congregation of San Benito of Valladolid</subfield>
</datafield>
<datafield ind1=" " ind2=" " tag="653">
<subfield code="a">Monks</subfield>
</datafield>
<datafield tag="245" ind1="0" ind2="0">
<subfield code="a">Monacologio silense: (1500-1835)</subfield>
</datafield>
</record></metadata></record></GetRecord></OAI-PMH>